000 00744nam a2200217Ii 4500
003 JO-AjNU
008 230605s9999||||xx |||||||||||||| ||und||
017 _a2003/5754
020 _a9959-818-33-0
040 _aJO-AjNU
_bara
_erda
_cJO-AjNU
041 _aara
050 1 4 _aRC771 2003
100 3 _aالتواتي ، عادل ابراهيم/ عبد الناصر يوسف الزوكى,
_eauthor
_917483
245 0 0 _aمتلازمة الضائقة التنفسية الحادة والشديدة
264 3 1 _aطرابلس:الهيئة القومية ، 2003
300 _a102ص
336 _atext
_btxt
_2rdacontent
337 _aunmediated
_bn
_2rdamedia
338 _avolume
_bnc
_2rdacarrier
650 4 _aداء المتلازمة
_917484
999 _aA5408
_c8976
_d8976